000
00262nam a2200097Ia 4500
005
20251222114356.0
008
251222s1900||||xx |||||||||||||| ||spa||
082
_a
DVD0192/A81/2009/T.1
245
0
_a
II Seminario: organización y gestión universitaria:
942
_c
DVD
999
_c
1433
_d
1433